| 000 | 00774nam a2200205 a 4500 | ||
|---|---|---|---|
| 001 | 000035270 | ||
| 005 | 20200930074223.0 | ||
| 008 | 111027s1965 mx 000 0 spa d | ||
| 040 |
_aDO-SdBNP _bspa _cBNPHU |
||
| 100 | 1 |
_aLinton, Ralph _961031 |
|
| 240 | 1 | 4 |
_aThe cultural background of personality _lEspañol |
| 245 | 1 | 0 |
_aCultura y personalidad / _cRalph Linton ; versión española de Javier Romero. |
| 250 | _a5a ed. | ||
| 260 |
_aMéxico : _bFondo de Cultura Económica, _c1965. |
||
| 300 |
_a155 p. ; _c17 cm. |
||
| 490 | 1 |
_aBreviarios del Fondo de Cultura Económica _v145 |
|
| 590 | _aPerteneció a la biblioteca personal de Juan Isidro Jimenes Grullón | ||
| 700 | 1 | 2 |
_aRomero, Javier _etr. _961032 |
| 830 | 0 |
_aBreviarios del Fondo de Cultura Económica _n145 _961033 |
|
| 999 |
_c34761 _d34761 |
||